| 000 | 00000nam 2200000za 4500 |
| 001 | 9.640333 |
| 003 | CaOODSP |
| 005 | 20240212134143 |
| 007 | cr ||||||||||| |
| 008 | 150407|2002||||xxc|||||o f|0| 0 fre d |
| 040 | |aCaOODSP|bfre |
| 043 | |an-cn--- |
| 086 | 1 |aNE23-93/2002F-PDF |
| 110 | 1 |aCanada. |bOffice national de l'énergie. |
| 245 | 13|aLe marché du gaz naturel au Canada, dynamique et prix : |h[ressource électronique]|bmise à jour : évaluation du marché de l'énergie |
| 260 | |aCalgary - Alberta : |bOffice national de l'énergie |cOctobre 2002. |
| 300 | |a62p.|bglossaire, graphiques, cartes (certaines en couleur) |
| 500 | |aLe nº de catalogue (NE23-93/2002F) et l'ISBN (0-662-87943-0) de l'édition imprimée ont été incorrectement copiés dans cette édition électronique. |
| 590 | |a12-21-Supp|b2012-05-18 |
| 691 | 07|aDisponibilités énergétiques|2gcpds |
| 691 | 07|aGaz naturel|2gcpds |
| 691 | 07|aPrix|2gcpds |
| 775 | 08|tCanadian natural gas market, dynamics and pricing : |w(CaOODSP)9.696210 |
| 795 | |tLe marché du gaz naturel au Canada, dynamique et prix : |w(CaOODSP)9.640109 |
| 856 | 40|ahttp://publications.gc.ca|qPDF|s2.24 Mo|uhttps://publications.gc.ca/collections/collection_2012/one-neb/NE23-93-2002-fra.pdf |